000 00406nam a2200133 a 4500
001 000046154
005 20201002052655.0
008 150630s1991 dr 000 0 spa d
040 _aDO-SdBNP
_bspa
_cBNPHU
100 1 _aPosada, Pilar
_974200
245 1 0 _aEse pájaro libre que se escapa de tu cuerpo /
_cPilar Posada.
260 _aSanto Domingo :
_bEditora Alga y Omega,
_c1991.
300 _a127 p. ;
_c22 cm.
999 _c45643
_d45643